[Event "Tsiolkovsky Mem"]
[Site "Kaluga RUS"]
[Date "2007.08.08"]
[Round "6"]
[White "Losev,D"]
[Black "Potapov,Alexe"]
[Result "1-0"]
[WhiteElo "2376"]
[BlackElo "2280"]

1.e4 d5 2.exd5 Qxd5 3.Nc3 Qd6 4.d4 Nf6 5.Nf3 a6 6.Be2 Nc6 7.Be3 Bf5 8.O-O O-O-O
9.Qc1 e6 10.a3 Ng4 11.Bf4 Qe7 12.Rd1 h6 13.b4 g5 14.Bg3 Bg7 15.h3 Nf6 16.b5 axb5
17.Nxb5 e5 18.Nxe5 Ne4 19.Bf3 Bxe5 20.Bxe4 Bxe4 21.dxe5 Qc5 22.Qe3 Qxe3 23.fxe3 Bxc2
24.Rdc1 Bd3 25.a4 Rhe8 26.e6 Rxe6 27.Bxc7 Rd5 28.Nc3 Rc5 29.Bb6 Rc4 30.Nb5 Ne5
31.Bd4 b6 32.Bxe5 Rxe5 33.Nd6+ Kd8 34.Nxc4  1-0

[Event "ch-Euro Rapid Women"]
[Site "Predeal ROM"]
[Date "2007.08.08"]
[Round "5"]
[White "Muzychuk,M"]
[Black "Gheorghe,C"]
[Result "1/2-1/2"]
[WhiteElo "2330"]
[BlackElo "2247"]

1.e4 d5 2.exd5 Qxd5 3.Nc3 Qd6 4.Nf3 c6 5.d4 Bg4 6.Be2 Nf6 7.O-O e6 8.Bg5 Nbd7
9.h3 Bxf3 10.Bxf3 Qc7 11.Re1 Bd6 12.d5 cxd5 13.Bxd5 O-O 14.Bf3 a6 15.Qe2 h6
16.Bxf6 Nxf6 17.Ne4 Nxe4 18.Qxe4 Rab8 19.Rad1 Rfd8 20.Be2 Bf8 21.Bd3 g6 22.Re3 Bg7
23.b3 Rd4 24.Qf3 Rbd8 25.Rde1 b5 26.Re4 Rxe4 27.Rxe4 Qc3 28.a4 Rd5 29.axb5 axb5
30.Qe2 b4 31.Rc4 Qa1+ 32.Kh2 Qe5+ 33.Qxe5 Bxe5+ 34.g3 Bc3 35.Kg2  1/2-1/2

[Event "ch-Euro Rapid Women"]
[Site "Predeal ROM"]
[Date "2007.08.08"]
[Round "6"]
[White "Huda,Mary"]
[Black "Chirita,A"]
[Result "0-1"]
[WhiteElo "2278"]
[BlackElo "2056"]

1.e4 d5 2.exd5 Qxd5 3.Nc3 Qd8 4.d4 Nf6 5.Bg5 c6 6.Bc4 Bf5 7.Nf3 e6 8.Qe2 Nbd7
9.O-O Be7 10.Rad1 O-O 11.Ne5 Nd5 12.Bc1 Nxc3 13.bxc3 Nxe5 14.dxe5 Qb6 15.g4 Bg6
16.Kg2 Rad8 17.f4 Rxd1 18.Rxd1 c5 19.Qf3 Bxc2 20.Rd7 Qb1 21.Qe3 Bd8 22.f5 exf5
23.e6 Be4+ 24.Kg3 Qc2 25.Bd2 Bf6 26.exf7+ Kh8 27.Qxc5 f4+ 28.Kxf4 g5+ 29.Ke3 Kg7
30.h4 h6 31.Bd3 Bxd3 32.Rxd3 Qxa2 33.Rd7 Qe6+  0-1

[Event "12th WY U16 Ol"]
[Site "Singapore SIN"]
[Date "2007.08.08"]
[Round "7"]
[White "Maulana,Y"]
[Black "Aplin,C"]
[Result "1-0"]
[WhiteElo "2032"]
[BlackElo "2042"]

1.e4 d5 2.exd5 Qxd5 3.Nc3 Qd6 4.d4 Nf6 5.Nf3 a6 6.Be2 Nc6 7.h3 Bf5 8.Be3 O-O-O
9.a3 h6 10.Qd2 g5 11.O-O-O Bg7 12.d5 Nb8 13.Nd4 Bg6 14.Ndb5 axb5 15.Nxb5 Qxd5
16.Na7+ Kd7 17.Qc3 e6 18.Bf3 Qd6 19.Rxd6+ cxd6 20.Qb4 Ke7 21.Qxb7+ Nfd7 22.Bb6 Rde8
23.Bc6 e5 24.Rd1 Bf5 25.Qc7 Be6 26.Rxd6  1-0

[Event "6th Int Open"]
[Site "Davos SUI"]
[Date "2007.08.09"]
[Round "4"]
[White "Bojkovic,N"]
[Black "Benkovic,P"]
[Result "0-1"]
[WhiteElo "2423"]
[BlackElo "2465"]

1.e4 d5 2.exd5 Qxd5 3.Nc3 Qd6 4.g3 Nc6 5.Nb5 Qd7 6.Nf3 a6 7.Nc3 e5 8.Bg2 Nge7
9.O-O g6 10.Ne4 Bg7 11.d3 h6 12.Re1 b6 13.Ned2 Bb7 14.Nc4 f6 15.a4 Rd8 16.b3 O-O
17.Bb2 Rfe8 18.a5 b5 19.Ncd2 Nf5 20.Ne4 Ba8 21.c3 b4 22.c4 Nfd4 23.Nc5 Qd6
24.Ne4 Qf8 25.Nxd4 Nxd4 26.f3 Ne6 27.Nf2 Qc5 28.Bc1 f5 29.Be3 Qc6 30.Qc1 f4
31.Bd2 Nd4 32.Qd1 Nxf3+ 33.Bxf3 Qxf3 34.Qxf3 Bxf3 35.Bxb4 e4 36.Ra2 e3 37.Ne4 Bd4
38.gxf4 Rxe4  0-1

[Event "Scandinavian Chess Tournament"]
[Site "Taby SWE"]
[Date "2007.08.09"]
[Round "8"]
[White "Mardell,Ji"]
[Black "Brandt,S"]
[Result "1-0"]
[WhiteElo "2158"]
[BlackElo "2115"]

1.e4 d5 2.exd5 Qxd5 3.Nc3 Qd6 4.d4 Nf6 5.Nf3 a6 6.g3 Bg4 7.Bg2 Nc6 8.O-O O-O-O
9.d5 Ne5 10.Bf4 Nxf3+ 11.Bxf3 Bxf3 12.Qxf3 e5 13.dxe6 Qxe6 14.Bg5 h6 15.Rfe1 Qb6
16.Nd5 Rxd5 17.Bxf6 Qc6 18.c4 Rd6 19.Qxc6 Rxc6 20.Re8+ Kd7 21.Rd8+ Ke6 22.Bc3 f6
23.Bb4 Kf7 24.Rad1 Rxc4 25.Ba3 c5 26.R1d7+ Ke6 27.Rxb7 Rd4 28.Rxd4 cxd4 29.Rb8 Kf7
30.Kf1 d3 31.Rxf8+ Rxf8 32.Bxf8 Kxf8 33.Ke1 Ke7 34.Kd2 Ke6 35.Kxd3 h5 36.Ke4 g5
37.f4 f5+ 38.Kd4 gxf4 39.gxf4 h4 40.h3 Kd6 41.b4 Kc6 42.a4 Kd6 43.b5 axb5
44.axb5 Kc7 45.Ke5 Kb6 46.Kxf5 Kxb5 47.Ke6  1-0

[Event "RC Sport Open"]
[Site "Ceska Trebova CZE"]
[Date "2007.08.10"]
[Round "1"]
[White "Weinzettl,E"]
[Black "Brazda,A"]
[Result "1-0"]
[WhiteElo "2328"]
[BlackElo "1911"]

1.e4 d5 2.exd5 Qxd5 3.Nc3 Qd8 4.Bc4 e6 5.d4 c6 6.Nf3 Nf6 7.Bg5 Be7 8.Qe2 O-O
9.O-O-O Nbd7 10.h4 Nb6 11.Bd3 Nbd5 12.Bxf6 Nxc3 13.Bxh7+ Kh8 14.bxc3 Bxf6
15.Bd3 Qd5 16.Ne5 g6 17.f4 Qc5 18.h5 g5 19.Bc4 Qd6 20.Qe4 Bxe5 21.dxe5 Qe7
22.Bd3 f5 23.exf6 Rxf6 24.fxg5 Rf5 25.g6 Qg5+ 26.Kb1  1-0

[Event "Tsiolkovsky Mem"]
[Site "Kaluga RUS"]
[Date "2007.08.10"]
[Round "7"]
[White "Zhelnin,V"]
[Black "Gorshkov,Yury"]
[Result "1/2-1/2"]
[WhiteElo "2433"]
[BlackElo "2244"]

1.e4 d5 2.exd5 Qxd5 3.Nc3 Qd6 4.d4 Nf6 5.Bc4 a6 6.Bb3 Nc6 7.Nge2 b5 8.Bf4 Qd7
9.Qd3 Bb7 10.f3 e6 11.O-O-O Nb4 12.Qe3 a5 13.a4 bxa4 14.Bxa4 Bc6 15.d5 Nbxd5
16.Nxd5 Nxd5 17.Rxd5 Qxd5 18.Nc3 Qd7 19.Rd1 Bd6 20.Ne4 Bxa4 21.Bxd6 cxd6
22.Nxd6+ Kf8 23.Qa3 Kg8 24.Ne4 Qe8 25.Rd4 f5 26.Nd6 Qc6 27.Rxa4 h6 28.Rd4 Kh7
29.Qe3 Qc5 30.c3 e5 31.Rd3 Qxe3+ 32.Rxe3 e4 33.fxe4 fxe4 34.Rxe4 Rhd8 35.Nf5 Re8
36.Rg4 g6 37.Nd4 Re1+ 38.Kd2 Rb1 39.b3 Rf8 40.Kc2 Rff1 41.Nc6 Ra1 42.h4 Rf6
43.Ne5 Re6 44.Nf3 Ra2+ 45.Kd3 a4 46.bxa4 Ra6 47.c4 R2xa4 48.Ne5 R4a5 49.Nf3 h5
50.Rd4 Ra2 51.Nd2 R6a3+ 52.Ke4 Rg3 53.Kd5 Rxg2 54.Ne4 Ra4 55.Nc5 Rb4 56.Ne6  1/2-1/2

[Event "Open"]
[Site "Dubna RUS"]
[Date "2007.08.12"]
[Round "14"]
[White "Vakhlamov,I"]
[Black "Burkov,G"]
[Result "1/2-1/2"]
[WhiteElo "2028"]
[BlackElo "2149"]

1.e4 d5 2.exd5 Qxd5 3.Nc3 Qd6 4.d4 Nf6 5.g3 a6 6.Bg2 e6 7.Nge2 Be7 8.Bf4 Qd7
9.O-O O-O 10.Re1 Nc6 11.d5 exd5 12.Nxd5 Nxd5 13.Qxd5 Qxd5 14.Bxd5 Bf6 15.Bxc7 Bxb2
16.Rab1 Bf6 17.Nf4 Nd4 18.Bd6 Rd8 19.Be5 Bxe5 20.Rxe5 Kf8  1/2-1/2

[Event "Tsiolkovsky Mem"]
[Site "Kaluga RUS"]
[Date "2007.08.12"]
[Round "9"]
[White "Ditiatev,S"]
[Black "Gorshkov,Yury"]
[Result "1/2-1/2"]
[WhiteElo "2325"]
[BlackElo "2244"]

1.e4 d5 2.exd5 Qxd5 3.Nc3 Qd6 4.d4 Nf6 5.Nf3 a6 6.g3 b5 7.Bg2 Bb7 8.O-O e6
9.Bf4 Qb6 10.Re1 Be7 11.a4 b4 12.a5 Qa7 13.Bxc7 Nbd7 14.Na4 Rc8 15.Bb6 Qa8
16.Rc1 O-O 17.c4 bxc3 18.bxc3 Ba3 19.Rb1 Bd5 20.Nh4 Qc6 21.Ra1 Bd6 22.Qe2 Qb5
23.Qd2 Qc6 24.Rec1 Qb5 25.Rcb1 Qc6 26.Qe2 Ne4 27.Rc1 f5 28.Bf1 Bc4 29.Qxc4 Qxc4
30.Bxc4 Rxc4 31.Ng2 Rfc8 32.Ne3 R4c6 33.d5 exd5 34.Nxf5 Bf8 35.Ne3 Nec5 36.Nxd5 Nb3
37.Be3 Nxa1 38.Rxa1 Rb8 39.Nab6 Ne5 40.Kf1 Re8 41.h3 Nc4 42.Bf4 Bd6 43.Bxd6 Nxd6
44.Nb4 Rxc3 45.Nxa6 Nc4 46.Nd5 Ra3 47.Rxa3 Nxa3 48.Nac7 Rd8 49.Nb6 Nc4 50.Nxc4 Rc8
51.Ke2 Rxc7 52.Kd3 Kf7 53.Kd4 Ke6 54.f4 g6 55.g4 Rc6 56.Ne3 Ra6 57.Nc4 Rc6
58.Ne3 Ra6  1/2-1/2

[Event "Open"]
[Site "Kavala GRE"]
[Date "2007.08.12"]
[Round "9"]
[White "Oleksienko,M"]
[Black "Drazic,S"]
[Result "1-0"]
[WhiteElo "2567"]
[BlackElo "2480"]

1.e4 d5 2.exd5 Qxd5 3.Nc3 Qd6 4.d4 Nf6 5.Nf3 c6 6.Ne5 Nbd7 7.Bf4 Nxe5 8.Bxe5 Qb4
9.a3 Qa5 10.Bd3 Bg4 11.Qd2 Nd7 12.Qf4 Nxe5 13.dxe5 Be6 14.O-O-O g6 15.Bc4 Bxc4
16.Qxc4 Bh6+ 17.Kb1 Qxe5 18.Rhe1 Qa5 19.Qh4 Bg5 20.Qd4 O-O 21.Re5 Qa6 22.Rxg5 Rad8
23.Qe3 Rxd1+ 24.Nxd1 Rd8 25.Nc3 f6 26.Qxe7 Qf1+ 27.Ka2 Qc4+ 28.b3 Qxc3 29.Qxd8+ Kf7
30.Qd7+ Kf8 31.Qd6+ Kf7 32.Rc5  1-0

[Event "17th Chess Festival"]
[Site "Abu Dhabi UAE"]
[Date "2007.08.13"]
[Round "2"]
[White "El Arousy,A"]
[Black "Khalid,Ah"]
[Result "1-0"]
[WhiteElo "2301"]
[BlackElo "1976"]

1.e4 d5 2.exd5 Qxd5 3.Nc3 Qd6 4.d4 Nf6 5.Bg5 a6 6.Qd2 Bf5 7.O-O-O e6 8.Nf3 Nbd7
9.Nh4 Be4 10.Qe1 Qc6 11.Nxe4 Qxe4 12.Qxe4 Nxe4 13.Be3 Be7 14.Nf3 Ndf6 15.Bd3 O-O-O
16.Ne5 Rhf8 17.g4 h6 18.h4 Nd6 19.c4 Nd7 20.f4 f6 21.Ng6 Rf7 22.c5 Nb5 23.Bc4 Nf8
24.Nh8  1-0

[Event "Romanian Open"]
[Site "Predeal ROM"]
[Date "2007.08.13"]
[Round "3"]
[White "Paulet,I"]
[Black "Moldovan,D"]
[Result "1/2-1/2"]
[WhiteElo "2241"]
[BlackElo "2435"]

1.e4 d5 2.exd5 Qxd5 3.Nc3 Qd6 4.d4 c6 5.Bc4 Nf6 6.Nge2 Bf5 7.Bf4 Qd8 8.O-O e6
9.Ng3 Bg6 10.Re1 Be7 11.a4 O-O 12.h4 h6 13.h5 Bh7 14.Nce4 Nbd7 15.c3 Nd5
16.Qf3 Nxf4 17.Qxf4 Nb6 18.Bb3 Nd5 19.Qf3 Bd6 20.Nxd6 Qxd6 21.a5 a6 22.Ne4 Bxe4
23.Rxe4 Nf6 24.Re5  1/2-1/2

[Event "Acropolis Open"]
[Site "Athens GRE"]
[Date "2007.08.14"]
[Round "1"]
[White "Georgiadis,I"]
[Black "Papadopoulou,V"]
[Result "1-0"]
[WhiteElo "2413"]
[BlackElo "2192"]

1.e4 d5 2.exd5 Qxd5 3.Nc3 Qd6 4.d4 c6 5.Nf3 Nf6 6.Ne5 Nbd7 7.Nc4 Qc7 8.Qf3 Nb6
9.Bf4 Qd8 10.Be5 Bg4 11.Qg3 h5 12.h3 h4 13.Qf4 Be6 14.Ne3 Nbd5 15.Nexd5 Nxd5
16.Qd2 Bf5 17.Bd3 Bxd3 18.Qxd3 Nxc3 19.bxc3 Qa5 20.O-O e6 21.Rab1 O-O-O 22.Rb3 f6
23.Bh2 Rh5 24.Qe2 Qd5 25.c4 Qf5 26.Rf3 Qg6 27.Qxe6+ Rd7 28.Rb3 Kd8 29.Re1 Re7
30.Qd6+ Ke8 31.Rbe3  1-0

[Event "Open"]
[Site "Callao PER"]
[Date "2007.08.14"]
[Round "9"]
[White "Mamani,U"]
[Black "Luque,W"]
[Result "0-1"]
[WhiteElo "2153"]
[BlackElo "2077"]

1.e4 d5 2.exd5 Qxd5 3.Nc3 Qd6 4.d4 Nf6 5.Bg5 a6 6.Qd3 g6 7.O-O-O Bg7 8.Qd2 b5
9.Bf4 Qb6 10.f3 Bb7 11.Kb1 Nbd7 12.Bh6 Bxh6 13.Qxh6 O-O-O 14.Nh3 e5 15.dxe5 Nxe5
16.Be2 b4 17.Na4 Qa5 18.Qg5 Nd5 19.f4 f6 20.Qg3 Nf7 21.b3 Nd6 22.Bf3 Nb5
23.Bxd5 Bxd5 24.Rd3 Be4 25.Rxd8+ Rxd8 26.Rc1 Na3+ 27.Kb2 Bxc2 28.Qe3 Nc4+
29.bxc4 Bxa4 30.Nf2 Bc6 31.g4 Re8 32.Qd3 Qc5 33.Rc2 Re3 34.Qd2 Ba4 35.Nd1 Ra3  0-1

[Event "ch-Euro IBCA"]
[Site "Durham ENG"]
[Date "2007.08.15"]
[Round "2"]
[White "Pirosca,A"]
[Black "Zoltek,T"]
[Result "1/2-1/2"]
[WhiteElo "2086"]
[BlackElo "2237"]

1.e4 d5 2.exd5 Qxd5 3.Nc3 Qd6 4.d4 Nf6 5.Nf3 a6 6.g3 Bg4 7.Bg2 Nc6 8.Be3 O-O-O
9.O-O e5 10.dxe5 Nxe5 11.Qxd6 Bxd6 12.Ng5 h6 13.Nge4 Nxe4 14.Nxe4 Be7 15.f4 Nc4
16.Bc5 Bxc5+ 17.Nxc5 b6 18.Nxa6 Nxb2 19.Nb4 Nc4 20.Rae1 Rhe8 21.Nc6 Rxe1
22.Rxe1 Rf8 23.Bd5  1/2-1/2

[Event "Romanian Open"]
[Site "Predeal ROM"]
[Date "2007.08.15"]
[Round "6"]
[White "Netzer,Je"]
[Black "Szabo,G ROM"]
[Result "0-1"]
[WhiteElo "2383"]
[BlackElo "2524"]

1.e4 d5 2.exd5 Qxd5 3.Nc3 Qd8 4.d4 Nf6 5.Bg5 c6 6.Qd2 Bf5 7.Nge2 e6 8.Ng3 Bg6
9.h4 h6 10.h5 Bh7 11.Bf4 Bb4 12.a3 Bxc3 13.bxc3 Nd5 14.Be5 f6 15.Bxb8 Rxb8
16.c4 Ne7 17.Bd3 Bxd3 18.Qxd3 c5 19.c3 cxd4 20.cxd4 e5 21.Rd1 Qxd4 22.Qxd4 exd4
23.Rh4 Nc6 24.Nf5 O-O 25.Nxd4 Rfe8+ 26.Kd2 Ne5 27.Kc3 Rbd8 28.Re1 Rd7 29.Re3 Rc8
30.Nb3 Rd6 31.a4 b6 32.Rhe4 Rdc6 33.Nd2 R8c7 34.Rd4 Rc5 35.f4 Nc6 36.Rd5 Rxd5
37.cxd5 Ne7+ 38.Kd4 Nf5+ 39.Ke4 Nxe3 40.Kxe3 Kf7 41.Ne4 Rc2 42.g4 Rg2 43.Nd6+ Kf8
44.Nc8 Ra2 45.Nxa7 Rxa4 46.Nb5 Ke7 47.Nc7 Rc4 48.Ne6 b5 49.Kd3 Rc1 50.Nxg7 b4
51.Nf5+ Kd7 52.Nd4 Rc3+ 53.Kd2 Rg3 54.Nf5 Rxg4 55.Nxh6 Rxf4 56.Nf7 Rd4+  0-1

[Event "Open"]
[Site "Ptuj SLO"]
[Date "2007.08.16"]
[Round "6"]
[White "Napast,V"]
[Black "Gruskovnjak,T"]
[Result "1/2-1/2"]
[WhiteElo "2068"]
[BlackElo "2348"]

1.e4 d5 2.exd5 Qxd5 3.Nc3 Qd6 4.d4 Nf6 5.Bc4 a6 6.a4 Qc6 7.Bf1 Bg4 8.f3 Bf5
9.Bd3 Qd7 10.Ne4 Bg6 11.Ne2 e6 12.O-O Nxe4 13.fxe4 Nc6 14.c3 e5 15.d5 Bc5+
16.Kh1 Ne7 17.b4 Bd6 18.Qb3 c6 19.c4 cxd5 20.cxd5 O-O 21.Be3 f5 22.exf5 Nxf5
23.Bc5 Rae8 24.Be4 Qe7 25.Bxd6 Qxd6 26.Qd3 Ne7 27.Rxf8+ Rxf8 28.Bxg6 Nxg6
29.Qc4 h6 30.Qc5 Rd8 31.Rd1 Nf4 32.Nc3 Qg6 33.Qf2 Nd3 34.Qe3 Rf8 35.Kg1 Nf4
36.Rd2 Qf5 37.h3 Rd8 38.d6 Qe6 39.Qc5 Rd7 40.Ne4 Nxh3+ 41.gxh3 Qxh3 42.Rg2 Rf7
43.Qc3 Qf5 44.Qc4 b5 45.axb5 axb5 46.Qd3 Ra7 47.Nc5 Ra1+ 48.Kh2 Qh5+ 49.Qh3 Rh1+
50.Kxh1 Qxh3+ 51.Kg1 Qe3+ 52.Rf2 Qd4 53.d7 h5 54.Kg2 h4 55.Rf3 Qd5 56.Kf2 Qd2+
57.Kf1 e4 58.Rd3 Qc1+ 59.Kf2 Qf4+ 60.Ke1 Qc1+ 61.Kf2 Qf4+ 62.Ke1 Qc1+ 63.Kf2  1/2-1/2

[Event "RC Sport Open"]
[Site "Ceska Trebova CZE"]
[Date "2007.08.17"]
[Round "9"]
[White "Tuma,J"]
[Black "Sergeev,Vl"]
[Result "1/2-1/2"]
[WhiteElo "2292"]
[BlackElo "2488"]

1.e4 d5 2.exd5 Qxd5 3.Nc3 Qd6 4.d4 Nf6 5.Nf3 a6 6.Be3 b5 7.Bd3 Bb7 8.Qe2 Nbd7
9.O-O-O e6 10.Rhg1 Be7 11.Ng5 b4 12.Nce4 Qc6 13.Qf3 h6 14.Nxf6+ Nxf6 15.Qxc6+ Bxc6
16.Nh3 g5 17.f4 Ng4 18.Bd2 Bd6 19.Be2 f5 20.Bc4 Kd7 21.Rde1 Rae8 22.Re2 Bb5
23.Bxb5+ axb5 24.Rge1 Ra8 25.Kb1 Ra6 26.c3 bxc3 27.bxc3 Rha8 28.Bc1 Nf6 29.fxg5 Ne4
30.Rxe4 fxe4 31.gxh6 Rxa2 32.Bb2 R2a7 33.g4 Rf8 34.Rxe4 Rf3 35.Ng5 Rf1+ 36.Kc2 Rf2+
37.Kb3 Rxh2 38.Rxe6 Be7 39.Rg6 Bxg5 40.Rxg5 Rxh6 41.Rxb5 c6 42.Rh5 Rb7+ 43.Kc2 Rg6
44.Rh7+ Kc8 45.Rxb7 Kxb7 46.Kd3 Rxg4 47.Kc4 Kc7 48.Ba3 Kd7 49.Bb4 Rg5 50.Bc5 Ke6
51.Bb4 Rh5 52.Bc5 Kf5 53.d5 Rh6 54.dxc6 Rxc6 55.Kd5 Rc8 56.c4 Ra8 57.Bd6 Ra1
58.c5 Rd1+ 59.Kc6 Ke6 60.Bc7 Ke7 61.Bd6+ Kd8 62.Bc7+ Kc8 63.Bd6 Rg1 64.Be5 Rg6+
65.Bd6 Rh6 66.Kd5 Kb7 67.c6+ Kb6 68.c7 Kb7 69.Be5 Kc8 70.Ke4 Kd7 71.Kd5 Rh5
72.Kd4 Rh6 73.Kd5 Rc6 74.Bf4 Ra6 75.Be5 Ra5+ 76.Kd4 Rb5 77.Bg3 Rb2 78.Be5 Rc2
79.Kd5  1/2-1/2

[Event "Spiltan Fonder IM"]
[Site "Gothenburg SWE"]
[Date "2007.08.17"]
[Round "7"]
[White "Vas,P SWE"]
[Black "Vovk,I"]
[Result "1/2-1/2"]
[WhiteElo "2166"]
[BlackElo "2304"]

1.e4 d5 2.exd5 Qxd5 3.Nc3 Qd6 4.d4 Nf6 5.Bc4 c6 6.a4 g6 7.Nge2 Be6 8.Bf4 Qd7
9.Bxe6 Qxe6 10.O-O Bg7 11.Re1 O-O 12.Qd2 Na6 13.Nc1 Qd7 14.Nb3 Rad8 15.Rad1 Rfe8
16.Qe2 Nb4 17.Be5 Qf5 18.Bxf6 Bxf6 19.Ne4 Bg7 20.c3 Nd5 21.Nec5 Qc8 22.Nd3 Qc7
23.g3 Qb6 24.Nbc5 a5 25.f4 Qc7 26.Ne5 b6 27.Ne4 Rf8 28.Ng5 Qc8 29.Nef3 c5
30.dxc5 Qxc5+ 31.Nd4 Rfe8 32.Nf3 e6 33.Ne5 Ne7 34.Qb5 Rc8 35.Kg2 Nd5 36.Qxc5 Rxc5
37.Nb5 Bxe5 38.Rxe5 Rec8 39.Kf3 R8c6 40.Re4 Kg7 41.Red4 Rc4 42.Rxc4 Rxc4
43.Rd4  1/2-1/2

[Event "Independence Cup A"]
[Site "Kyiv UKR"]
[Date "2007.08.17"]
[Round "5"]
[White "Goncharov,O"]
[Black "Pavlov,S2"]
[Result "0-1"]
[WhiteElo "2246"]
[BlackElo "2415"]

1.e4 d5 2.exd5 Qxd5 3.Nc3 Qd8 4.d4 Nf6 5.Bc4 c6 6.Nge2 Bf5 7.Ng3 Bg6 8.h4 h6
9.h5 Bh7 10.Bf4 e6 11.Qd2 Bb4 12.O-O-O Nd5 13.Nge2 Qa5 14.Rh3 Nd7 15.a3 Nxc3
16.Nxc3 Bxa3 17.Ba2 Bb4 18.Kb1 Nf6 19.Qe2 Bxc3 20.Rxc3 Qxh5 21.f3 O-O 22.g4 Qg6
23.Rb3 Nd5 24.Bc1 b5 25.f4 a5 26.Rf3 Nb4 27.Rc3 Rfd8 28.f5 exf5 29.gxf5 Qf6
30.Rc5 Nxa2 31.Kxa2 Bxf5 32.Re5 Qg6 33.Rc5 Bg4  0-1

[Event "Acropolis Open"]
[Site "Athens GRE"]
[Date "2007.08.18"]
[Round "5"]
[White "Sorokina,A AUS"]
[Black "Iordanidou,Z"]
[Result "0-1"]
[WhiteElo "2208"]
[BlackElo "2005"]

1.e4 d5 2.exd5 Qxd5 3.Nc3 Qd6 4.Bc4 c6 5.h3 Nf6 6.d3 Nbd7 7.Nf3 Nb6 8.Bb3 Bf5
9.Bg5 e6 10.Qd2 Be7 11.Bf4 Qd8 12.Ne5 Nfd5 13.g4 Bg6 14.Bg3 Bg5 15.f4 Bh4
16.Qf2 Bxg3 17.Qxg3 Nxc3 18.bxc3 Nd7 19.h4 Nxe5 20.fxe5 h5 21.g5 Qa5 22.O-O Qxc3
23.Rae1 O-O-O 24.Rf4 Rd4 25.Rxd4 Qxd4+ 26.Kh2 Rd8 27.Rf1 Qc5 28.Rf3 Rd4 29.Qe1 Qb4
30.Qxb4 Rxb4 31.c4 a5 32.Kg3 a4 33.Bd1 Rb2 34.Rf2 Rxf2 35.Kxf2 Bxd3 36.Bxh5 g6
37.Ke3 Bb1 38.Bd1 Bxa2 39.Bxa4 Bxc4 40.Bc2 Kd7 41.Kd4 Be2 42.Be4 Kc7 43.Kc5 b6+
44.Kd4 c5+ 45.Ke3 Bg4 46.Kf4 Bd1 47.Bd3 Kc6 48.Ke4 b5 49.Bb1 b4 50.Kf4 c4
51.Be4+ Kc5 52.Ke3 b3 53.Kd2 Bc2 54.h5 gxh5 55.Bf3 Kb4 56.Kc1 c3 57.Bd1 Bxd1
58.g6 fxg6 59.Kxd1 b2  0-1

[Event "Romanian Open"]
[Site "Predeal ROM"]
[Date "2007.08.18"]
[Round "9"]
[White "Istratescu,A"]
[Black "Ardelean,G"]
[Result "1-0"]
[WhiteElo "2629"]
[BlackElo "2482"]

1.e4 d5 2.exd5 Qxd5 3.Nc3 Qd6 4.d4 c6 5.Nf3 Nf6 6.Ne5 Nbd7 7.f4 Nb6 8.g4 g6
9.g5 Nh5 10.Ne4 Qc7 11.Ng3 Ng7 12.Qe2 Be6 13.a4 Nd7 14.a5 Nxe5 15.dxe5 Bd5
16.Rg1 c5 17.Qb5+ Qc6 18.Be3 e6 19.a6 b6 20.O-O-O O-O-O 21.Qxc6+ Bxc6 22.Rxd8+ Kxd8
23.h4 Be7 24.Be2 Kc7 25.h5 gxh5 26.Nxh5 Nxh5 27.Bxh5 Rf8 28.Be2 Be4 29.Bb5 Rd8
30.Rg3 Bf5 31.Rg2 Bg6 32.Rh2 Bf8 33.Bd2 Be7 34.c3 Bf8 35.Kd1 Be7 36.Ke2 Bf8
37.Ke3 Be7 38.Rh1 Bf8 39.b4 Be7 40.Be2 Kc6 41.b5+ Kd7 42.Bd3 Ke8 43.Bb1 Kf8
44.Ke2 Kg7 45.Be3 Rd7 46.c4 Rd8 47.Kf3 Rd7 48.f5 Bxf5 49.Bxf5 exf5 50.Kf4 Rd3
51.Bc1 Rd4+ 52.Kxf5 Rxc4 53.e6 fxe6+ 54.Kxe6 Bf8 55.Rf1 Re4+ 56.Kd5 Re7 57.Bb2+ Kg8
58.Be5 c4 59.Rc1 c3 60.Rxc3 Bg7 61.Rc8+ Kf7 62.Bd6 Kg6  1-0

[Event "Spiltan Fonder IM"]
[Site "Gothenburg SWE"]
[Date "2007.08.19"]
[Round "9"]
[White "Zimmermann,Ju"]
[Black "Vovk,I"]
[Result "0-1"]
[WhiteElo "2327"]
[BlackElo "2304"]

1.e4 d5 2.exd5 Qxd5 3.Nc3 Qd6 4.d4 Nf6 5.g3 c6 6.Bg2 g6 7.Nf3 Bg7 8.Bf4 Qb4
9.Rb1 Qc4 10.Ne5 Qa6 11.b4 O-O 12.Qd2 Bf5 13.a4 Rc8 14.Bf1 Qb6 15.Bc4 Nd5
16.Nxd5 cxd5 17.Bxd5 Rxc2 18.Qd1 e6 19.Bg2 Nc6 20.a5 Qb5 21.Bxc6 bxc6 22.g4 Be4
23.f3 Bxe5 24.fxe4 Qc4 25.Be3 Rd8 26.Rc1 Qxb4+ 27.Kf1 Rxc1 28.Qxc1 Bxd4 29.Bh6 Bg7
30.h4 Qxe4 31.Rh2 Qxg4 32.Bd2 Qf3+ 33.Ke1 Be5 34.Rf2 Bg3  0-1

[Event "Acropolis Open"]
[Site "Athens GRE"]
[Date "2007.08.20"]
[Round "7"]
[White "Krivec,J"]
[Black "Papadopoulou,V"]
[Result "1/2-1/2"]
[WhiteElo "2340"]
[BlackElo "2192"]

1.e4 d5 2.exd5 Qxd5 3.Nc3 Qd6 4.d4 Nf6 5.Nf3 c6 6.g3 Bg4 7.Bg2 e6 8.a3 Qc7
9.h3 Bh5 10.g4 Bg6 11.Ne5 Nbd7 12.Qe2 Nxe5 13.dxe5 Nd7 14.f4 h5 15.Be3 Qa5
16.O-O-O Bxa3 17.Rxd7 Bxb2+ 18.Kxb2 Qb4+ 19.Ka2 Kxd7 20.Nb1 Kc7 21.Na3 hxg4
22.Rb1 Qa5 23.hxg4 Rad8 24.Qc4 Qa6 25.Qxa6 bxa6 26.Bf1 Rb8 27.Bxa6 Rxb1 28.Kxb1 Rh3
29.Nc4 Rh2 30.Bd2 Rg2 31.g5 Bh5 32.Ba5+ Kd7 33.Nb2 Rg4 34.Nd3 Rg2 35.Nc5+ Ke8
36.Kc1 Rg1+ 37.Kb2 Rg2 38.Nd3 Bg6 39.Kc1 Rg1+ 40.Ne1 Rg3 41.Bd2 Ra3 42.Be2 Rh3
43.Bc4 Rh1 44.Kb2 Rh2 45.Kc3 Rh3+ 46.Nd3 Ke7 47.Kb2 Rf3 48.Ne1 Rh3 49.Nd3 Rf3
50.Nc5 Ke8 51.Bb3 Rf2 52.Bc1 Kd8 53.Kc3 Rf3+ 54.Kd4 Rf2 55.Be3 Re2 56.c3 Kc7
57.Ne4 a5 58.Kd3  1/2-1/2

[Event "Independence Cup A"]
[Site "Kyiv UKR"]
[Date "2007.08.20"]
[Round "8"]
[White "Dorohin,M"]
[Black "Kernazhitsky,L"]
[Result "0-1"]
[WhiteElo "2250"]
[BlackElo "2373"]

1.e4 d5 2.exd5 Qxd5 3.Nc3 Qd6 4.g3 Nf6 5.Bg2 Nc6 6.h3 Bf5 7.Nge2 O-O-O 8.d3 e5
9.Be3 a6 10.Qd2 Be6 11.a3 Qd7 12.f4 Nd5 13.fxe5 Nxe5 14.Nf4 Nxf4 15.Bxf4 Ng6
16.O-O-O Nxf4 17.Qxf4 Qd4 18.Qxd4 Rxd4 19.Ne2 Rd8 20.Nf4 Bd7 21.Bd5 Be8 22.Bb3 Bd6
23.Rhf1 h5 24.h4 Rd7 25.Rde1 Re7 26.Bd5 c6 27.Bf3 g6 28.d4 Bd7 29.Rxe7 Bxe7
30.Nd3 Bd6 31.Rg1 Re8 32.Kd2 Be6 33.Ne5 Re7 34.c3 Bf5 35.Nd3 Kd7 36.c4 Be4
37.Bd1 Re6 38.b4 Kc7 39.Nc5 Re7 40.Nxe4 Rxe4 41.Kd3 f5 42.Bf3 Re8 43.c5 Bf8
44.d5 Bh6 45.d6+ Kd7 46.Rf1 Re3+ 47.Kd4 Rxa3 48.Ke5 Bg7+ 49.Kf4 Bf6 50.Bd1 Rd3
51.g4 Rd4+ 52.Ke3 hxg4 53.h5 f4+ 54.Rxf4 Rxf4 55.Kxf4 gxh5 56.Bc2 Bc3 57.Bg6 Bxb4
58.Bxh5 Bxc5 59.Bxg4+ Kxd6 60.Ke4 b5 61.Kd3 a5 62.Bh5 Bg1 63.Be8 Kc5 64.Kc2 a4
65.Kb1 Kb6 66.Ka2 c5 67.Ka3 Ka5 68.Ka2 Bd4 69.Bd7 b4 70.Be6 b3+ 71.Ka3 Be3
72.Kb2 Kb4 73.Kb1 Bd4 74.Kc1 a3  0-1

[Event "Acropolis Open"]
[Site "Athens GRE"]
[Date "2007.08.21"]
[Round "8"]
[White "Stiri,A"]
[Black "Dounis,A"]
[Result "1/2-1/2"]
[WhiteElo "2251"]
[BlackElo "2190"]

1.e4 d5 2.exd5 Qxd5 3.Nc3 Qd6 4.d4 Nf6 5.Nf3 a6 6.g3 Bg4 7.Bg2 Nc6 8.O-O O-O-O
9.d5 Ne5 10.Bf4 Nxf3+ 11.Bxf3 Bxf3 12.Qxf3 e5 13.dxe6 Qxe6 14.Bg5 Bd6 15.Rfe1 Be5
16.Re2 Rde8 17.Rae1 Nd7 18.Bf4 f6 19.Qe3 g5 20.Bxe5 Nxe5 21.f4 gxf4 22.gxf4 Qc6
23.Qh3+ Kb8 24.fxe5 fxe5 25.Rg2 Qb6+ 26.Qe3 Qxb2 27.Rb1 Qa3 28.Rg3 e4 29.Re1 Rhf8
30.Rf1 Qb2 31.Rb1 Qxc2 32.Qe2 Qxe2 33.Nxe2 Rf5 34.Nc3 e3 35.Re1 Rfe5 36.Re2 b5
37.Nd1 Rd5 38.Nxe3 Rd3 39.Kf2 Ra3 40.Rg7 Rf8+ 41.Ke1 Re8 42.Rg3 c5 43.Kd1 Re7
44.Nf1 Rxe2 45.Rxa3 Rf2 46.Ke1 Rf6 47.Ke2 Rh6 48.Rf3 Kb7 49.h3 b4 50.Ne3 Kb6
51.Rf6+ Rxf6 52.Nd5+ Kb5 53.Nxf6 h6 54.Kd3 c4+ 55.Kc2 Kc5 56.h4 Kd4 57.Ng4 b3+
58.axb3 cxb3+ 59.Kxb3 Ke4 60.Nxh6 Kf4 61.Kc4 Kg3 62.h5 Kh4  1/2-1/2

[Event "1st Serbian League Women"]
[Site "Zlatibor SRB"]
[Date "2007.08.21"]
[Round "1"]
[White "Bjeloglav,M"]
[Black "Vojinovic,J"]
[Result "1-0"]
[WhiteElo "2008"]
[BlackElo "2217"]

1.e4 d5 2.exd5 Qxd5 3.Nc3 Qd6 4.d4 Nf6 5.Bc4 a6 6.Nge2 b5 7.Bb3 Bb7 8.O-O e6
9.Bf4 Qd7 10.Kh1 c5 11.dxc5 Qc6 12.f3 Bxc5 13.Ng3 O-O 14.Nge4 Be7 15.Qe2 b4
16.Nxf6+ Bxf6 17.Na4 a5 18.Qe3 Nd7 19.Rfd1 Rad8 20.Rd6 Qc8 21.Rad1 Bc6 22.Bg5 Bxg5
23.Qxg5 Qc7 24.Qd2 Rb8 25.Rxc6 Qxc6 26.Qxd7 Qa8 27.Qc7 Rbc8 28.Qe5 Rcd8 29.Rxd8 Rxd8
30.h3 Qa7 31.Nc5 h6 32.a4 bxa3 33.bxa3 Qe7 34.a4 Rd1+ 35.Kh2 Rd2 36.Nd3 Qa7
37.Qe1 Qc7+ 38.Qe5 Qa7 39.h4 Rd1 40.Qe2 Qg1+ 41.Kg3 Kf8 42.Qe5 Qa7 43.Qc5+ Qxc5
44.Nxc5 Rd6 45.Ne4 Rc6 46.Kf4 Ke7 47.Ke3 f5 48.Nd2 e5 49.Nb1 g5 50.hxg5 hxg5
51.Na3 Rc3+ 52.Kd2 Rc5 53.Kd3 Kf6 54.Bc4 Rc8 55.Bb5 Rd8+ 56.Ke3 f4+ 57.Ke2 Ke6
58.Nc4 Rc8 59.Kd3 Rd8+ 60.Kc3 Rc8 61.Kb3 Ra8 62.Nd2 g4 63.fxg4 Kd5 64.Bd3 Rb8+
65.Kc3 Rb4 66.Bc4+ Kd6 67.g5 Ke7 68.Ne4 Rb6 69.Bb5 Ke6 70.Kc4 Rb8 71.Kc5 Kf5
72.Kd5 Rd8+ 73.Nd6+ Kxg5 74.Kxe5 Rf8 75.c4 Kg4 76.c5 Rh8 77.c6 Rh7 78.Nf5 Rh1
79.Be2+ Kg5 80.Nd4 Rc1 81.Kd6  1-0

[Event "1st Serbian League Men"]
[Site "Zlatibor SRB"]
[Date "2007.08.21"]
[Round "1"]
[White "Leskur,D"]
[Black "Benkovic,P"]
[Result "1-0"]
[WhiteElo "2482"]
[BlackElo "2465"]

1.e4 d5 2.exd5 Qxd5 3.Nc3 Qd6 4.d4 Nf6 5.Bg5 h6 6.Bh4 Qb6 7.Qd2 Qxb2 8.Rb1 Qa3
9.Bc4 c6 10.Nf3 Nbd7 11.O-O e6 12.d5 Nb6 13.Rxb6 axb6 14.dxe6 Bxe6 15.Bxe6 fxe6
16.Qd3 Rd8 17.Qg6+ Kd7 18.Ne4 Be7 19.Qxg7 Nxe4 20.Bxe7 Rhg8 21.Rd1+ Kc8 22.Qxg8 Rxg8
23.Bxa3 Nc3 24.Rd6 Re8 25.Ne5 b5 26.g4 Nxa2 27.Rd7 Nc3 28.Re7 Rd8 29.Nf7 Rd1+
30.Kg2 b6 31.Rxe6 Kb7 32.Bb2 Nd5 33.Be5 Nb4 34.Nxh6 Nxc2 35.g5 Ne1+ 36.Kg3 Nd3
37.Bf6 c5 38.Ng4 Rg1+ 39.Kf3 Ne1+ 40.Kf4 Ng2+ 41.Ke5 Nh4 42.Ne3 b4 43.Nc4 Ng6+
44.Kf5 Nh4+ 45.Kf4 Ng6+ 46.Kf3 Nh4+ 47.Ke2 b5 48.Rb6+ Kc7 49.Be5+ Kd7 50.Rd6+ Ke7
51.Bf6+ Ke8 52.Ne5  1-0